[Event "4NCL Division Three Knights"]
[Site "Telford, ENG"]
[Date "2024.03.16"]
[Round "7.23"]
[White "Vleeshhouwer, Douglas"]
[Black "Freeman, Richard C P"]
[Result "1-0"]
[WhiteElo "1973"]
[BlackElo "1956"]
[PlyCount "91"]
[EventDate "2024.03.16"]
[WhiteTeam "Hull & East Riding Tigers"]
[BlackTeam "MK Phoenix"]

1. e4 c5 2. Nc3 g6 3. g3 Bg7 4. Bg2 Nc6 5. d3 d6 6. Be3 e5 7. f4 Nd4 8. Nf3 Ne7
9. Qd2 Rb8 10. O-O O-O 11. fxe5 dxe5 12. Bh6 f6 13. Rf2 Be6 14. Bxg7 Kxg7 15.
Nd1 Qd7 16. Ne3 Rbd8 17. b3 b5 18. Rd1 c4 19. dxc4 bxc4 20. Nxd4 exd4 21. Nd5
Nxd5 22. exd5 Bxd5 23. Qxd4 Be6 24. Qxd7+ Rxd7 25. Rxd7+ Bxd7 26. bxc4 Rc8 27.
Bd5 Rc5 28. Re2 Kf8 29. Kf2 Ra5 30. c3 Ra3 31. Ke3 Rxc3+ 32. Kd4 Ra3 33. Rb2
Ke7 34. Bg8 h5 35. Kd5 Rd3+ 36. Kc5 Rd6 37. Re2+ Be6 38. Bxe6 Rxe6 39. Rxe6+
Kxe6 40. Kc6 f5 41. c5 g5 42. Kb7 f4 43. c6 f3 44. c7 f2 45. c8=Q+ Ke5 46. Qf8
1-0

[Event "4NCL Division Three Knights"]
[Site "Telford, ENG"]
[Date "2024.03.16"]
[Round "7.24"]
[White "Obi, Okwose Marc"]
[Black "Gardiner, Eric D"]
[Result "0-1"]
[WhiteElo "1905"]
[BlackElo "1945"]
[PlyCount "128"]
[EventDate "2024.03.16"]
[WhiteTeam "MK Phoenix"]
[BlackTeam "Hull & East Riding Tigers"]

1. e4 e6 2. d4 d5 3. e5 c5 4. c3 Nc6 5. Nf3 Nh6 6. Bd3 cxd4 7. cxd4 Nf5 8. Be3
Be7 9. Nc3 O-O 10. O-O Nxe3 11. fxe3 f6 12. Qe2 Bd7 13. e4 Nxd4 14. Nxd4 Qb6
15. Kh1 Qxd4 16. exf6 Rxf6 17. exd5 Raf8 18. Rxf6 Rxf6 19. Qe4 Qxe4 20. Bxe4
Rf2 21. Rb1 b6 22. h3 Bf6 23. a3 Bxc3 24. bxc3 Ra2 25. Rb3 Re2 26. Bf3 Re3 27.
dxe6 Bxe6 28. Rb1 Rxc3 29. Ra1 Kf7 30. Kh2 Rc5 31. Kg3 Ke7 32. Kf4 g5+ 33. Ke3
Kf6 34. Kd4 Rc4+ 35. Kd3 Rf4 36. Ke3 Ra4 37. Bc6 Rc4 38. Bf3 Rc3+ 39. Kd4 Rb3
40. Be4 h6 41. Rf1+ Ke7 42. Rf3 Rxf3 43. Bxf3 Kd6 44. Be2 Bd7 45. Bf1 a5 46. g3
b5 47. h4 g4 48. Be2 b4 49. axb4 axb4 50. Bd3 b3 51. Bb1 b2 52. Ke4 Be6 53. h5
Bf7 54. Kf5 Bxh5 55. Bc2 Kd5 56. Kf6 Be8 57. Ke7 Ba4 58. Bg6 Kd4 59. Kf6 Ke3
60. Kg7 Kf2 61. Kxh6 Kxg3 62. Kg5 Kf3 63. Bh5 b1=Q 64. Bxg4+ Kg3 0-1

[Event "4NCL Division Three Knights"]
[Site "Telford, ENG"]
[Date "2024.03.16"]
[Round "7.25"]
[White "Stephenson, David W"]
[Black "Valentine, Brian J"]
[Result "1-0"]
[WhiteElo "1835"]
[BlackElo "1892"]
[PlyCount "81"]
[EventDate "2024.03.16"]
[WhiteTeam "Hull & East Riding Tigers"]
[BlackTeam "MK Phoenix"]

1. d4 Nf6 2. Nf3 e6 3. e3 c5 4. b3 Be7 5. Bb2 O-O 6. Bd3 b6 7. Nbd2 Bb7 8. O-O
Nc6 9. c4 d5 10. cxd5 Nxd5 11. Nc4 cxd4 12. exd4 Rc8 13. Nfe5 Nxe5 14. Nxe5 Nf4
15. f3 Bf6 16. Re1 Qd6 17. Kh1 Rfd8 18. Bc4 a6 19. a4 Qe7 20. Ba3 Qe8 21. Qd2
Nd5 22. Rac1 b5 23. axb5 axb5 24. Bd3 Rxc1 25. Bxc1 Rc8 26. Bb2 Qd8 27. Bxb5
Bg5 28. Qf2 Bh4 29. g3 Bf6 30. Bc4 Nb6 31. Bd3 Bd5 32. Kg2 Bxb3 33. Qe3 Bd5 34.
Qe2 Na4 35. Ba3 Qa5 36. Bd6 Qc3 37. Qe3 Nb2 38. Ba6 Qa5 39. Bxc8 Bxe5 40. Bxe5
Nc4 41. Qg5 1-0

[Event "4NCL Division Three Knights"]
[Site "Telford, ENG"]
[Date "2024.03.16"]
[Round "7.31"]
[White "Cooksey, Paul S"]
[Black "Wilson, Jaimie"]
[Result "1/2-1/2"]
[WhiteElo "2249"]
[BlackElo "2105"]
[PlyCount "39"]
[EventDate "2024.03.16"]
[WhiteTeam "Crowthorne A"]
[BlackTeam "Wessex A"]

1. d4 d5 2. c4 e6 3. Nf3 Nf6 4. Nc3 Be7 5. Bg5 Nbd7 6. cxd5 Nxd5 7. Bxe7 Qxe7
8. g3 O-O 9. Bg2 Rb8 10. O-O Nxc3 11. bxc3 c5 12. Rb1 e5 13. Qd2 e4 14. Qe3 f5
15. Rfd1 b6 16. Ne1 Ba6 17. Rd2 Nf6 18. dxc5 Ng4 19. Qf4 Qxc5 20. Rd7 1/2-1/2

[Event "4NCL Division Three Knights"]
[Site "Telford, ENG"]
[Date "2024.03.16"]
[Round "7.32"]
[White "McDougall, William"]
[Black "Thompson, Ian D"]
[Result "1/2-1/2"]
[WhiteElo "2083"]
[BlackElo "2145"]
[PlyCount "48"]
[EventDate "2024.03.16"]
[WhiteTeam "Wessex A"]
[BlackTeam "Crowthorne A"]

1. d4 d5 2. c4 c6 3. Nf3 Nf6 4. g3 Bf5 5. Bg2 e6 6. O-O Nbd7 7. cxd5 exd5 8.
Nc3 h6 9. Qb3 Qb6 10. Bf4 Qxb3 11. axb3 Be7 12. Rfc1 O-O 13. Ne5 Rfe8 14. h3
Nxe5 15. Bxe5 Nd7 16. Bf4 Bf6 17. g4 Bh7 18. e3 g5 19. Bg3 Be7 20. Bf3 Nf6 21.
Kg2 a6 22. Na4 Nd7 23. Nc3 Nf6 24. Na4 Nd7 1/2-1/2

[Event "4NCL Division Three Knights"]
[Site "Telford, ENG"]
[Date "2024.03.16"]
[Round "7.33"]
[White "Webb, Richard M"]
[Black "Lukosius, Rolandas"]
[Result "1-0"]
[WhiteElo "2149"]
[BlackElo "2063"]
[PlyCount "43"]
[EventDate "2024.03.16"]
[WhiteTeam "Crowthorne A"]
[BlackTeam "Wessex A"]

1. e4 c5 2. Nc3 Nc6 3. Bb5 Nd4 4. Nf3 g6 5. Bc4 Bg7 6. Nxd4 cxd4 7. Qf3 Nf6 8.
e5 dxc3 9. dxc3 O-O 10. exf6 Bxf6 11. Bh6 Re8 12. O-O-O e6 13. h4 a6 14. h5
Bg5+ 15. Bxg5 Qxg5+ 16. Kb1 d5 17. hxg6 hxg6 18. Bd3 Bd7 19. Rh7 Rf8 20. Rdh1
Qe5 21. Qh3 Rfd8 22. Qh6 1-0

[Event "4NCL Division Three Knights"]
[Site "Telford, ENG"]
[Date "2024.03.16"]
[Round "7.34"]
[White "Pleasants, Allan J"]
[Black "Purdon, Colin"]
[Result "1-0"]
[WhiteElo "1994"]
[BlackElo "1952"]
[PlyCount "153"]
[EventDate "2024.03.16"]
[WhiteTeam "Wessex A"]
[BlackTeam "Crowthorne A"]

1. Nf3 Nf6 2. c4 g6 3. g3 Bg7 4. Bg2 O-O 5. O-O c6 6. d4 d5 7. Nc3 Bf5 8. Nh4
Be6 9. cxd5 cxd5 10. Nf3 Nc6 11. Bf4 h6 12. Ne5 Nh5 13. Nxc6 bxc6 14. Be3 Nf6
15. f3 Nd7 16. Qd2 Kh7 17. Rac1 Qa5 18. Bf2 c5 19. dxc5 Nxc5 20. Bd4 Nd7 21.
Bxg7 Kxg7 22. Qd4+ Kh7 23. e3 Qb6 24. Na4 Qxd4 25. exd4 Rfc8 26. b3 Kg7 27.
Rfe1 Rab8 28. Kf2 h5 29. Bf1 Nb6 30. Nc5 Kf6 31. Ba6 Rd8 32. Re3 Bf5 33. Be2
Nd7 34. Nxd7+ Rxd7 35. Rc6+ Kg7 36. Bd3 Bxd3 37. Rxd3 e6 38. f4 Kf6 39. Rdc3
Kf5 40. Kf3 Rb4 41. Rd3 Rbb7 42. h3 Rd8 43. Rdc3 Rdb8 44. R3c5 Kf6 45. Rxd5 Ke7
46. Rdc5 Rd8 47. Rc7+ Rd7 48. Rxd7+ Kxd7 49. Ke4 Kd6 50. Ra5 Rc7 51. Ra6+ Ke7
52. g4 hxg4 53. hxg4 Kd7 54. g5 Kc8 55. Ke5 Kd7 56. Ra4 Ke7 57. Rc4 Rd7 58. Rc5
Rb7 59. Ra5 Kd7 60. Rc5 Ke7 61. Ra5 Kd7 62. a4 Ke7 63. b4 Kd7 64. Rb5 Rc7 65.
Rc5 Rb7 66. b5 Ke7 67. Rc8 Rd7 68. Ra8 Rd5+ 69. Ke4 Rd7 70. a5 Rb7 71. a6 Rxb5
72. Rxa7+ Kf8 73. Rb7 Ra5 74. a7 Kg7 75. Kd3 Ra4 76. Kc3 Ra1 77. Kc4 1-0

[Event "4NCL Division Three Knights"]
[Site "Telford, ENG"]
[Date "2024.03.16"]
[Round "7.35"]
[White "Tart, Peter K"]
[Black "Marsh, Roger D W"]
[Result "1/2-1/2"]
[WhiteElo "1940"]
[BlackElo "1946"]
[PlyCount "47"]
[EventDate "2024.03.16"]
[WhiteTeam "Crowthorne A"]
[BlackTeam "Wessex A"]

1. e4 g6 2. d4 Bg7 3. Nc3 c6 4. Be3 d5 5. f3 dxe4 6. fxe4 Nf6 7. Be2 Nbd7 8. e5
Nd5 9. Nxd5 cxd5 10. Qd2 Nf8 11. Bh6 Ne6 12. Nf3 Bxh6 13. Qxh6 Qb6 14. O-O-O
Bd7 15. Qh4 Bb5 16. Bxb5+ Qxb5 17. Ng5 Nxg5 18. Qxg5 Qd7 19. Rhf1 Qe6 20. Qf4
O-O 21. Rde1 Kg7 22. g4 h6 23. h4 Rae8 24. Qg3 1/2-1/2

[Event "4NCL Division Three Knights"]
[Site "Telford, ENG"]
[Date "2024.03.16"]
[Round "7.36"]
[White "De Coverly, Roger D"]
[Black "Shek, Daniel"]
[Result "1/2-1/2"]
[WhiteElo "1934"]
[BlackElo "1970"]
[PlyCount "100"]
[EventDate "2024.03.16"]
[WhiteTeam "Wessex A"]
[BlackTeam "Crowthorne A"]

1. e4 c5 2. Nf3 Nc6 3. g3 e5 4. Bg2 g6 5. O-O Bg7 6. d3 Nge7 7. c3 d6 8. a3 a6
9. b4 O-O 10. Bb2 Bg4 11. h3 Bxf3 12. Qxf3 Qd7 13. Nd2 b5 14. Nb3 Qe6 15. Qd1
cxb4 16. axb4 Rfd8 17. d4 Qc8 18. d5 Nb8 19. Rc1 Nd7 20. c4 bxc4 21. Na5 Nb6
22. Qe2 Qd7 23. Nxc4 Na4 24. Na5 Bh6 25. Rb1 Rdc8 26. Qd3 Rc7 27. Ba1 Qb5 28.
Qxb5 axb5 29. f4 exf4 30. gxf4 Nc3 31. Bxc3 Rxc3 32. Rb2 Bg7 33. Rd2 Kf8 34.
Nc6 Nxc6 35. dxc6 Rc8 36. Rfd1 Bh6 37. Rxd6 Bxf4 38. R6d5 R3xc6 39. Rxb5 Be3+
40. Kh1 Rc1 41. Rbd5 Rxd1+ 42. Rxd1 Rb8 43. Rb1 Ke7 44. Bf3 Ke6 45. Kg2 Ke5 46.
Kg3 Bf4+ 47. Kf2 h5 48. Ke2 Bh6 49. b5 Bf8 50. b6 Bc5 1/2-1/2

[Event "4NCL Division Three Knights"]
[Site "Telford, ENG"]
[Date "2024.03.16"]
[Round "7.41"]
[White "Dunn, Maxim"]
[Black "Robson, Ian A"]
[Result "1-0"]
[WhiteElo "2063"]
[BlackElo "2075"]
[PlyCount "61"]
[EventDate "2024.03.16"]
[WhiteTeam "Iceni 1"]
[BlackTeam "Wotton Hall"]

1. d4 d5 2. c4 e6 3. Nf3 Nf6 4. g3 Be7 5. Bg2 O-O 6. O-O dxc4 7. Qc2 a6 8. a4
Bd7 9. Rd1 Bc6 10. Nc3 a5 11. e4 Na6 12. Ne5 Nb4 13. Qe2 Be8 14. Nxc4 c5 15. d5
exd5 16. exd5 Bd6 17. Bg5 h6 18. Bxf6 Qxf6 19. Ne4 Qe7 20. Ncxd6 f5 21. Nxf5
Rxf5 22. d6 Qd8 23. Bh3 Rf8 24. Nxc5 Bc6 25. Ne6 Qe8 26. Qg4 Rf7 27. Nc7 Qf8
28. Nxa8 Rxf2 29. Rf1 Rxf1+ 30. Rxf1 Qxd6 31. Qe6+ 1-0

[Event "4NCL Division Three Knights"]
[Site "Telford, ENG"]
[Date "2024.03.16"]
[Round "7.42"]
[White "Ashworth, Michael"]
[Black "Gibbs, Dominic V"]
[Result "1-0"]
[WhiteElo "2001"]
[BlackElo "1997"]
[PlyCount "83"]
[EventDate "2024.03.16"]
[WhiteTeam "Wotton Hall"]
[BlackTeam "Iceni 1"]

1. d4 e6 2. c4 b6 3. Nf3 Bb7 4. g3 f5 5. Bg2 Nf6 6. O-O Be7 7. Nc3 O-O 8. d5
Bb4 9. Nd4 Bxc3 10. bxc3 c5 11. Nb5 e5 12. Nd6 Ba6 13. Nxf5 Bxc4 14. d6 Nc6 15.
Ne7+ Nxe7 16. Bxa8 Qxa8 17. dxe7 Re8 18. Re1 Rxe7 19. Bg5 Qc6 20. e4 Rf7 21. f3
Ne8 22. a4 Qg6 23. Be3 d6 24. Rb1 Qe6 25. Rb2 h6 26. Rf2 Nf6 27. Rd2 Ne8 28. f4
Bb3 29. Qa1 Qc4 30. a5 Qxe4 31. Bxc5 Qg6 32. Bf2 b5 33. fxe5 dxe5 34. Rxe5 Rf8
35. Qe1 Bc4 36. Rd8 Bf7 37. Bc5 Qc6 38. Bxf8 Kxf8 39. Qe3 Qg6 40. Qe4 Qxe4 41.
Rxe4 a6 42. Kf2 1-0

[Event "4NCL Division Three Knights"]
[Site "Telford, ENG"]
[Date "2024.03.16"]
[Round "7.43"]
[White "Ortiz Sanchez, Luis"]
[Black "Ashworth, Robert"]
[Result "1-0"]
[WhiteElo "1998"]
[BlackElo "1881"]
[PlyCount "43"]
[EventDate "2024.03.16"]
[WhiteTeam "Iceni 1"]
[BlackTeam "Wotton Hall"]

1. e4 e5 2. Nf3 Nc6 3. Nc3 Nf6 4. Bb5 Bb4 5. O-O d6 6. d3 h6 7. Nd5 Ba5 8. b4
Bb6 9. Nxb6 axb6 10. d4 Bd7 11. Bxc6 Bxc6 12. dxe5 dxe5 13. Nxe5 Bxe4 14. Bb2
O-O 15. Ng4 Nxg4 16. Qxg4 Bg6 17. Rfd1 Qc8 18. Rd7 Rd8 19. Qd4 f6 20. Rxg7+ Kh8
21. Qxf6 Rd6 22. Rh7+ 1-0

[Event "4NCL Division Three Knights"]
[Site "Telford, ENG"]
[Date "2024.03.16"]
[Round "7.44"]
[White "Moldovan, Alexandru-Mitic"]
[Black "Calvert, D Ian"]
[Result "0-1"]
[WhiteElo "1885"]
[BlackElo "2002"]
[PlyCount "84"]
[EventDate "2024.03.16"]
[WhiteTeam "Wotton Hall"]
[BlackTeam "Iceni 1"]

1. e4 d5 2. exd5 Qxd5 3. Nc3 Qd6 4. d4 Nf6 5. h3 a6 6. Nf3 Bf5 7. Bc4 e6 8. Nh4
Bg6 9. Nxg6 hxg6 10. Qe2 Be7 11. a4 Nc6 12. Be3 O-O 13. Rd1 Nb4 14. O-O Nbd5
15. Nxd5 exd5 16. Bd3 Rfe8 17. Qd2 Qd7 18. b3 Bd6 19. c3 Re6 20. Qc2 Rae8 21.
c4 c6 22. c5 Bb8 23. b4 Nh5 24. Qd2 Qc7 25. g3 Nxg3 26. Rfe1 Nf5 27. Bxf5 Qh2+
28. Kf1 gxf5 29. f4 Qxh3+ 30. Kf2 Qh4+ 31. Kf3 Bxf4 32. Bxf4 Rxe1 33. Rxe1 Qxe1
34. Qxe1 Rxe1 35. a5 f6 36. Bd2 Re4 37. Bc3 g5 38. Bb2 Kf7 39. Bc3 Kg6 40. Bb2
g4+ 41. Kg3 Kh5 42. Bc3 Re3+ 0-1

[Event "4NCL Division Three Knights"]
[Site "Telford, ENG"]
[Date "2024.03.16"]
[Round "7.45"]
[White "Rosenbach, Martin"]
[Black "Maclannan, Richard"]
[Result "1/2-1/2"]
[WhiteElo "1883"]
[BlackElo "1764"]
[PlyCount "74"]
[EventDate "2024.03.16"]
[WhiteTeam "Iceni 1"]
[BlackTeam "Wotton Hall"]

1. c4 e5 2. g3 Nf6 3. Bg2 c6 4. d4 Bb4+ 5. Bd2 Bxd2+ 6. Qxd2 d6 7. dxe5 dxe5 8.
Qxd8+ Kxd8 9. Nf3 Re8 10. Nc3 Bf5 11. b4 Nbd7 12. c5 a5 13. b5 Re7 14. bxc6
bxc6 15. Nh4 Be6 16. Rd1 Kc7 17. Nb5+ cxb5 18. Bxa8 Nxc5 19. a3 e4 20. f3 Re8
21. Bxe4 Nfxe4 22. fxe4 Nxe4 23. O-O Nc3 24. Rc1 b4 25. axb4 axb4 26. Rf4 Rb8
27. Rd4 Kc6 28. Nf3 Kb5 29. Rd2 Bc4 30. Nd4+ Kc5 31. e3 Re8 32. Nf5 g6 33. Nd6
Rxe3 34. Nxc4 Kxc4 35. Kf2 Rd3 36. Ke1 Re3+ 37. Kf2 Rd3 1/2-1/2

[Event "4NCL Division Three Knights"]
[Site "Telford, ENG"]
[Date "2024.03.16"]
[Round "7.46"]
[White "Norris, Zack"]
[Black "Reynolds, D Ian W"]
[Result "1-0"]
[WhiteElo "1664"]
[BlackElo "1882"]
[PlyCount "57"]
[EventDate "2024.03.16"]
[WhiteTeam "Wotton Hall"]
[BlackTeam "Iceni 1"]

1. c4 e5 2. Nc3 Nf6 3. g3 c6 4. e3 d5 5. cxd5 cxd5 6. Bg2 Be6 7. Nge2 Qd7 8. d4
e4 9. Nf4 Nc6 10. Nxe6 fxe6 11. f3 exf3 12. Qxf3 Bd6 13. Bd2 O-O 14. O-O e5 15.
dxe5 Nxe5 16. Qe2 Bc5 17. Rad1 Rad8 18. Bc1 d4 19. exd4 Bxd4+ 20. Be3 Bxe3+ 21.
Qxe3 Qc7 22. Qxa7 Neg4 23. Nd5 Qe5 24. Qd4 Qb8 25. Qb6 Kh8 26. Nf4 Rfe8 27.
Rfe1 g5 28. Ne6 Rg8 29. Qxb7 1-0

[Event "4NCL Division Three Knights"]
[Site "Telford, ENG"]
[Date "2024.03.16"]
[Round "7.51"]
[White "Willson, Ollie"]
[Black "Patel, Zain"]
[Result "1-0"]
[WhiteElo "2144"]
[BlackElo "2069"]
[PlyCount "95"]
[EventDate "2024.03.16"]
[WhiteTeam "Sussex Martlets 2"]
[BlackTeam "CSC/Kingston 2"]

1. d4 Nf6 2. Bg5 d5 3. Bxf6 exf6 4. e3 Bd6 5. Bd3 O-O 6. Nd2 c6 7. c3 Qc7 8.
Qc2 h6 9. Ne2 Nd7 10. g3 Re8 11. Nf3 Nf8 12. Nh4 Ne6 13. O-O Bd7 14. Ng2 Rad8
15. Rfc1 Qc8 16. c4 dxc4 17. Qxc4 Ng5 18. Nef4 Bh3 19. Be2 Qf5 20. Qd3 Re4 21.
f3 Re7 22. Qxf5 Bxf5 23. Kf2 Nh3+ 24. Nxh3 Bxh3 25. Rc3 Be6 26. a3 Bc7 27. Ne1
Rde8 28. Rac1 Bb6 29. Nd3 Bd7 30. Nc5 Bc8 31. b4 Bc7 32. Nb3 a6 33. f4 g5 34.
Bf3 Bb6 35. a4 Bd7 36. a5 Ba7 37. Nc5 Bf5 38. Re1 gxf4 39. gxf4 b6 40. axb6
Bxb6 41. Bxc6 Bxc5 42. bxc5 Rb8 43. Bf3 Kh7 44. Re2 Rc7 45. e4 Bd7 46. d5 Rbc8
47. c6 Bxc6 48. Rec2 1-0

[Event "4NCL Division Three Knights"]
[Site "Telford, ENG"]
[Date "2024.03.16"]
[Round "7.52"]
[White "Farrand, Tom"]
[Black "Hedger, Alec"]
[Result "1-0"]
[WhiteElo "2145"]
[BlackElo "2071"]
[PlyCount "63"]
[EventDate "2024.03.16"]
[WhiteTeam "CSC/Kingston 2"]
[BlackTeam "Sussex Martlets 2"]

1. c4 e6 2. g3 d5 3. Bg2 c6 4. Nf3 b5 5. cxb5 cxb5 6. O-O Nf6 7. b3 Be7 8. Bb2
O-O 9. d4 a5 10. Nbd2 Qb6 11. Ne5 Bb7 12. a3 Nc6 13. Ndf3 Rac8 14. Rc1 Rc7 15.
Nxc6 Bxc6 16. Qd2 a4 17. Ne5 b4 18. axb4 Bxb4 19. Bc3 Bxc3 20. Qxc3 Rfc8 21.
bxa4 Bxa4 22. Qa1 Rxc1 23. Rxc1 Rxc1+ 24. Qxc1 Qxd4 25. Qc7 Be8 26. Bf3 Ne4 27.
Bxe4 Qxe4 28. Nxf7 Qxe2 29. Nd6 Qh5 30. Qe7 Qd1+ 31. Kg2 h6 32. Qxe8+ 1-0

[Event "4NCL Division Three Knights"]
[Site "Telford, ENG"]
[Date "2024.03.16"]
[Round "7.53"]
[White "Nguyen, Anh"]
[Black "Frostick, Clive A"]
[Result "0-1"]
[WhiteElo "2019"]
[BlackElo "2115"]
[PlyCount "76"]
[EventDate "2024.03.16"]
[WhiteTeam "Sussex Martlets 2"]
[BlackTeam "CSC/Kingston 2"]

1. e4 c5 2. Nf3 e6 3. d4 cxd4 4. Nxd4 Nf6 5. Nc3 Nc6 6. Nxc6 bxc6 7. e5 Nd5 8.
Ne4 Qc7 9. f4 Qb6 10. c4 Bb4+ 11. Ke2 f5 12. exf6 Nxf6 13. Be3 Qd8 14. Nd6+
Bxd6 15. Qxd6 Bb7 16. g4 c5 17. Rg1 Ne4 18. Qd3 Qb6 19. Rb1 d5 20. Bg2 Nd6 21.
b3 O-O 22. Bd2 Rad8 23. Qc3 d4 24. Qd3 e5 25. Bxb7 Qxb7 26. fxe5 Rde8 27. Kd1
Rxe5 28. Rf1 Rxf1+ 29. Qxf1 Qe4 30. Kc1 Qxg4 31. b4 Rf5 32. Qe1 Qe4 33. Qd1
Nxc4 34. bxc5 Nxd2 35. Rb8+ Kf7 36. Kxd2 Rf2+ 37. Kc1 Qf4+ 38. Kb1 Qxb8+ 0-1

[Event "4NCL Division Three Knights"]
[Site "Telford, ENG"]
[Date "2024.03.16"]
[Round "7.54"]
[White "Hasson, Peter"]
[Black "Blades, Kit"]
[Result "1/2-1/2"]
[WhiteElo "2087"]
[BlackElo "1950"]
[PlyCount "128"]
[EventDate "2024.03.16"]
[WhiteTeam "CSC/Kingston 2"]
[BlackTeam "Sussex Martlets 2"]

1. c4 e6 2. g3 Nf6 3. Bg2 d5 4. Nf3 Be7 5. O-O O-O 6. b3 d4 7. e3 c5 8. exd4
cxd4 9. d3 Nc6 10. Re1 Ne8 11. Ne5 Nxe5 12. Rxe5 f6 13. Re1 e5 14. Ba3 Bxa3 15.
Nxa3 Qd6 16. Qc1 Qb4 17. Nb5 a6 18. Qa3 Qxa3 19. Nxa3 Nc7 20. c5 Rb8 21. Nc4
Bf5 22. Rad1 Bg4 23. Rd2 Ne6 24. Bd5 Kh8 25. Bxe6 Bxe6 26. f4 Bxc4 27. bxc4
exf4 28. gxf4 Rfc8 29. Rb2 Rc7 30. c6 g5 31. Re4 Rxc6 32. Rxd4 gxf4 33. Rd7 b5
34. Kf2 Rcc8 35. cxb5 axb5 36. d4 Rd8 37. Rxd8+ Rxd8 38. Rd2 Kg7 39. Kf3 Kf7
40. d5 f5 41. Kxf4 Kf6 42. d6 Rd7 43. h4 b4 44. h5 Ke6 45. Re2+ Kf6 46. Rd2 h6
47. Rd4 Ke6 48. Rd2 Rxd6 49. Rxd6+ Kxd6 50. Kxf5 Kd5 51. Kg6 Ke6 52. Kxh6 Kf6
53. Kh7 Kf7 54. h6 Kf8 55. Kg6 Kg8 56. Kf5 Kh7 57. Ke5 Kxh6 58. Kd4 Kg7 59. Kc4
Kf7 60. Kxb4 Ke7 61. Kc5 Kd7 62. Kb6 Kc8 63. Ka7 Kc7 64. a4 Kc8 1/2-1/2

[Event "4NCL Division Three Knights"]
[Site "Telford, ENG"]
[Date "2024.03.16"]
[Round "7.55"]
[White "Graham, William M"]
[Black "Amato, Giampiero"]
[Result "0-1"]
[WhiteElo "1940"]
[BlackElo "2046"]
[PlyCount "72"]
[EventDate "2024.03.16"]
[WhiteTeam "Sussex Martlets 2"]
[BlackTeam "CSC/Kingston 2"]

1. c4 c5 2. g3 g6 3. Bg2 Bg7 4. Nc3 Nc6 5. e4 e6 6. Nge2 Nge7 7. O-O O-O 8. d3
d6 9. Be3 Nd4 10. Qd2 Rb8 11. Bh6 Bxh6 12. Qxh6 Nec6 13. Qd2 a6 14. b3 Qa5 15.
Rfd1 Bd7 16. Qf4 Qc7 17. Qf6 Qd8 18. Qxd8 Rfxd8 19. Rd2 b5 20. Nd1 b4 21. Ne3
Nxe2+ 22. Rxe2 Nd4 23. Rb2 a5 24. a4 bxa3 25. Rxa3 a4 26. Nc2 Nxb3 27. Rba2 Rb6
28. f4 Rdb8 29. Kf2 Nd2 30. d4 cxd4 31. Nxd4 Nxc4 32. Rc3 Rb2+ 33. Rc2 a3 34.
Kf3 Rxa2 35. Rxa2 Rb2 36. Ra1 a2 0-1

[Event "4NCL Division Three Knights"]
[Site "Telford, ENG"]
[Date "2024.03.16"]
[Round "7.56"]
[White "Evans, Harry G"]
[Black "Ursell, Adam R"]
[Result "1/2-1/2"]
[WhiteElo "1958"]
[BlackElo "1950"]
[PlyCount "47"]
[EventDate "2024.03.16"]
[WhiteTeam "CSC/Kingston 2"]
[BlackTeam "Sussex Martlets 2"]

1. e4 c6 2. d4 d5 3. exd5 cxd5 4. Bd3 Nf6 5. h3 g6 6. Nf3 Bg7 7. O-O O-O 8. c3
Nc6 9. Bf4 a6 10. a4 Bf5 11. Bxf5 gxf5 12. Nbd2 Ne4 13. Ne5 Nxe5 14. Bxe5 Bxe5
15. dxe5 Nxd2 16. Qxd2 e6 17. a5 Rc8 18. Ra4 Rc4 19. Rfa1 Qh4 20. b3 Re4 21. f3
Rxa4 22. Rxa4 Qg3 23. Rg4+ fxg4 24. Qg5+ 1/2-1/2

[Event "4NCL Division Three Knights"]
[Site "Telford, ENG"]
[Date "2024.03.16"]
[Round "7.61"]
[White "Seymour, Timothy P"]
[Black "Pedersen, Carsten"]
[Result "1-0"]
[WhiteElo "2216"]
[BlackElo "2052"]
[PlyCount "67"]
[EventDate "2024.03.16"]
[WhiteTeam "Surbiton"]
[BlackTeam "Celtic Tigers 2"]

1. Nf3 Nf6 2. e3 e6 3. c4 b6 4. b3 Bb7 5. Bb2 Be7 6. Nc3 O-O 7. d4 d5 8. cxd5
exd5 9. Bd3 Nbd7 10. O-O a6 11. Ne2 Bd6 12. Ng3 Re8 13. Nf5 Bf8 14. Ne5 g6 15.
Ng3 Nxe5 16. dxe5 Nd7 17. f4 Qh4 18. Rf3 Bg7 19. Rc1 c5 20. a4 Rad8 21. Qc2 Nf8
22. a5 Nd7 23. axb6 Re6 24. f5 Rxb6 25. e6 fxe6 26. Bxg7 Kxg7 27. fxg6 Ne5 28.
Rf4 Qg5 29. Rcf1 hxg6 30. Qc3 d4 31. exd4 cxd4 32. Qc7+ Rd7 33. Qxb6 Nxd3 34.
Qxe6 1-0

[Event "4NCL Division Three Knights"]
[Site "Telford, ENG"]
[Date "2024.03.16"]
[Round "7.62"]
[White "Skulte, Christopher"]
[Black "Scott, David A"]
[Result "0-1"]
[WhiteElo "2037"]
[BlackElo "2083"]
[PlyCount "40"]
[EventDate "2024.03.16"]
[WhiteTeam "Celtic Tigers 2"]
[BlackTeam "Surbiton"]

1. e4 c6 2. d4 d5 3. Nd2 dxe4 4. Nxe4 Nf6 5. Nxf6+ exf6 6. Be3 Bd6 7. Qh5 Be6
8. Ne2 Qc7 9. Nc3 Bb4 10. Bd3 Nd7 11. O-O O-O-O 12. a3 Be7 13. b4 f5 14. b5 c5
15. dxc5 Bxc5 16. Nd1 Qe5 17. Rb1 Bxe3 18. Nxe3 f4 19. Qxe5 Nxe5 20. Nc4 Bxc4
0-1

[Event "4NCL Division Three Knights"]
[Site "Telford, ENG"]
[Date "2024.03.16"]
[Round "7.63"]
[White "Faulks, Nick"]
[Black "Lea, Daniel J"]
[Result "0-1"]
[WhiteElo "1959"]
[BlackElo "1976"]
[PlyCount "94"]
[EventDate "2024.03.16"]
[WhiteTeam "Surbiton"]
[BlackTeam "Celtic Tigers 2"]

1. c4 e6 2. Nc3 d5 3. e3 Nf6 4. Nf3 Be7 5. b3 O-O 6. Bb2 c5 7. cxd5 Nxd5 8.
Nxd5 exd5 9. Qc2 Nc6 10. a3 Be6 11. Bd3 h6 12. h4 d4 13. Ng5 Bxg5 14. hxg5 Qxg5
15. O-O-O Na5 16. Bc4 b5 17. f4 Qf6 18. Bxe6 Qxe6 19. f5 Qxb3 20. Rh4 d3 21.
Qc3 Qc2+ 22. Qxc2 dxc2 23. Rdh1 f6 24. Rg4 Kf7 25. Rh3 Nc6 26. Rhg3 Rg8 27.
Kxc2 a5 28. a4 Rab8 29. Bc3 Ne7 30. e4 b4 31. Bb2 Rbd8 32. Rf3 Nc6 33. Re3 Nd4+
34. Kd1 Rge8 35. Reg3 Rg8 36. Re3 Nc6 37. e5 fxe5 38. Bxe5 Rd5 39. Bc7 Re8 40.
Bb6 Rb8 41. Bc7 Rb7 42. Reg3 g5 43. fxg6+ Kg7 44. Bf4 Ne7 45. Be3 Nf5 46. Rf3
Nxe3+ 47. Rxe3 b3 0-1

[Event "4NCL Division Three Knights"]
[Site "Telford, ENG"]
[Date "2024.03.16"]
[Round "7.64"]
[White "Yedid, Lior"]
[Black "Davies, Neil"]
[Result "1-0"]
[WhiteElo "1802"]
[BlackElo "1917"]
[PlyCount "99"]
[EventDate "2024.03.16"]
[WhiteTeam "Celtic Tigers 2"]
[BlackTeam "Surbiton"]

1. e4 e5 2. Nf3 Nc6 3. Nc3 Nf6 4. g3 Be7 5. Bg2 O-O 6. d4 d6 7. d5 Nb8 8. h3 c6
9. O-O cxd5 10. exd5 h6 11. Nd2 Nh7 12. Nc4 f5 13. f4 e4 14. Ne3 g6 15. Kh1 Nd7
16. Rg1 Ndf6 17. g4 Kf7 18. gxf5 gxf5 19. Nb5 Bd7 20. Nd4 Qc8 21. Bf1 Rg8 22.
Rxg8 Kxg8 23. Be2 Ne8 24. Qg1+ Ng7 25. Qg6 Bf6 26. Ne6 Qe8 27. Qg3 Bxe6 28.
dxe6 Kh8 29. Bc4 Nh5 30. Qf2 Qg6 31. Bd2 Qg3 32. Qxg3 Nxg3+ 33. Kh2 Nh5 34.
Nxf5 d5 35. Bxd5 Rd8 36. e7 Bxe7 37. Nxe7 N7f6 38. c4 Kh7 39. Rg1 b5 40. b3
bxc4 41. bxc4 Rb8 42. Rg2 Nxd5 43. cxd5 Rd8 44. Rg6 Rd7 45. Re6 Rb7 46. Rxe4
Rb2 47. Rd4 Nxf4 48. Rxf4 Rxd2+ 49. Kg3 Rxa2 50. Rd4 1-0

[Event "4NCL Division Three Knights"]
[Site "Telford, ENG"]
[Date "2024.03.16"]
[Round "7.65"]
[White "Boughen, Andrew"]
[Black "Kahane, Erasmus"]
[Result "1/2-1/2"]
[WhiteElo "1804"]
[BlackElo "1746"]
[PlyCount "80"]
[EventDate "2024.03.16"]
[WhiteTeam "Surbiton"]
[BlackTeam "Celtic Tigers 2"]

1. d4 d5 2. c4 dxc4 3. e3 Nf6 4. Nf3 e6 5. Bxc4 c5 6. O-O a6 7. b3 b5 8. Be2
Bb7 9. Ba3 Nbd7 10. Nbd2 Be7 11. Rc1 Qb6 12. Bb2 O-O 13. Bd3 Rfd8 14. e4 cxd4
15. Bxd4 Bc5 16. Bc3 Nf8 17. Qe2 Ng4 18. Bb1 Ng6 19. g3 Rd7 20. b4 Be7 21. Nb3
Rc8 22. Bd4 Qd8 23. Rxc8 Bxc8 24. Rc1 Bxb4 25. Qb2 f6 26. Nc5 Bxc5 27. Rxc5 e5
28. Qb3+ Kh8 29. Bc3 Bb7 30. Bc2 Nh6 31. a4 Qb6 32. Rc4 Qd6 33. axb5 axb5 34.
Rb4 Qc6 35. Rxb5 Rc7 36. Ba5 Ba6 37. Bxc7 Bxb5 38. Ba5 Ng8 39. Qc3 Qxc3 40.
Bxc3 Bc4 1/2-1/2